000 00700nam a2200229Ia 4500
005 20250117103432.0
008 008 250103s9999 xx 000 0 eng d
020 _a9781032041742
037 _aTextual
040 _aCSL
_beng
_cCSL
041 _aeng
_2eng
084 _aB28g R1
_qCSL
100 _aMcNulty, Keith
_9728328
245 0 _aHandbook of regression modeling in people analytics with examples in R and python
_cMcNulty, Keith
260 _aBoca Raton
_bCRC Press
_c2021
300 _axvi, 255p. ill.
650 _a Power analysis
_9733039
650 _a Survival analysis
650 _aOperation research
942 _cTEXL
_hB28g R1
999 _c1237376
_d1237376